Регионална библиотека "Любен Каравелов" - Русе

Теория и методика на професионалното ориентиране (Запис номер 103293)

MARC детайли
000 -Лидер
Контролно поле с фиксирана дължина 02353nam a2200409 c 4500
003 - Код на организацията, давaща контролен номер
Контролно поле BLK
005 - Дата и час на последна редакция
Контролно поле 20180422105525.0
008 - Елементи от данни с фиксирана дължина
fixed length control field 180409b bul|||||r ||||||| ||bul||
010 ## - Наследен системен номер
LC control number KNG00108367000
020 ## - Международен стандартен номер на книга ISBN
Международен стандартен номер на книга ISBN 954-07-1705-1
-- издат.: Унив. изд. Св. Климент Охридски
040 ## - Източник на каталожния запис
Идентификатор на билиотеката - собственик на записа BLK
041 ## - Код за език
Код за езика на текст/звукозапис или на отделно заглавие Български
Код за езика КДБФ Български
080 ## - УДК
Текстов определител УДК Професии. Професионални проблеми - Видове професии, професионални групи. Професионално ориентиране и др. Подразделят се със съотношение (331.54:023 - Библиотекарска професия)
УДК код - определител по УДК 331.54
УДК определител (075.8)
УДК - код + определител 331.54(075.8)
080 ## - УДК
Текстов определител УДК Възпитание и образование с оглед на възпитаниците. Консултации. Интеркултурно образование (на различни етноси) - Самообразование. Самообучение. Фактори във възпитанието:индивидуална пригодност(физ
УДК код - определител по УДК 37.04
УДК определител (075.8)
УДК - код + определител 37.04(075.8)
100 1# - Редна дума - Автор
Автор Василев, Доно Тотев
Авторска отговорност първи автор
R(LIN) 374014
139 ## - Редно поле
Редна дума Василев, Доно Тотев и др.
Авторски знак Васи - В 24
245 10 - Сведения за заглавието
Заглавие Теория и методика на професионалното ориентиране
Редно поле (дума) Доно Тотев Василев; съавт. Яна Динкова Мерджанова.
257 ## - Страна на издаване
Страна на създаване/издаване България
260 ## - Област на издателските данни
-- София
Име на издателя, разпространителя и проч. Унив. изд. Св. Климент Охридски
Година на издаване 2003
300 ## - Физическа характеристика
Страници 211 с.
Илюстрации и др. с табл.
Размери/Мащаб 23 см
380 ## - Жанр
Жанр Обществени науки
500 ## - Общи забележки
Забележка Офс. изд. - Библиогр. след. отд. теми и под линия
650 #4 - Допълнително описание по предмет – тема
Основно описание – тема или топоним Кадри - подготовка и квалификация
9 (RLIN) 263025
650 #4 - Допълнително описание по предмет – тема
Основно описание – тема или топоним Професионално ориентиране
9 (RLIN) 264909
650 #4 - Допълнително описание по предмет – тема
Основно описание – тема или топоним Професионално образование
9 (RLIN) 253263
653 ## - Ключова дума – ненормативна
Ключова дума професионално ориентиране
653 ## - Ключова дума – ненормативна
Ключова дума системи
653 ## - Ключова дума – ненормативна
Ключова дума Европа
653 ## - Ключова дума – ненормативна
Ключова дума САЩ
653 ## - Ключова дума – ненормативна
Ключова дума професии
700 1# - Други автори (авторска отговорност)
Лично име Мерджанова, Яна Динкова
Автороска отговорност (Описва отношението между автора и произведението) съавт.
9 (RLIN) 368608
852 ## - Местоположение
Форматна сигнатура Цб 216365
856 4# - Електронен адрес и достъп
Електронен формат pdf - файл
Път до файла /url/
856 4# - Електронен адрес и достъп
Електронен формат pdf - файл
Път до файла /url/
942 ## - АРТИКУЛИ
Вид на библиотечния материал Книги
Скрит в OPAC Не
944 ## - СЪЗДАВАНЕ И РЕДАКЦИЯ на ЗАПИСА
Създаване/Редакция Създаване
Дата на регистрацията/редакция 17.10.2003
Служител, извършил регистрацията/редакцията Геновева_Генчева
944 ## - СЪЗДАВАНЕ И РЕДАКЦИЯ на ЗАПИСА
Създаване/Редакция Редакция
Дата на регистрацията/редакция 10.08.2004
Служител, извършил регистрацията/редакцията
999 ## - СИСТЕМНИ КОНТРОЛНИ НОМЕРА
Koha biblionumber 103293
Koha biblioitemnumber 103293
Наличности
Код за отписване Код за изгубен артикул Код за повреда Коз за рестрикции Код за отдаване Артикулен № Име на библиотеката - собственик Име на библиотеката, в която се намира в момента Статус (Текущо местоположение) Дата на вписване в системата Местоположение - отдел Цена в лева Инвентарен номер Систематично азбучна сигнатура Баркод Номер на екземпляра Цена в евро Служебна бележка Служебен тип на артикула
  Не е изгубен Не е повреден без рестрикции ползва се в читалня 166684 Регионална библиотека "Любен Каравелов" Русе Регионална библиотека "Любен Каравелов" Русе Читалня 2003-10-17 Читалня 7.00 120000679167 Ч 331/В 24 120000679167 1 3.58 Дост: Pk Вид: Ф N: 17533 Дата: 16.10.2003 Дата инв: 22.03.2017 Бележки инв: Ч2017 Книги
  Не е изгубен Не е повреден без рестрикции ползва се в читалня 166685 Регионална библиотека "Любен Каравелов" Русе Регионална библиотека "Любен Каравелов" Русе Хранилище 2004-07-16 Хранилище 0.00 120000687038 Цб 216365 120000687038 2 0.00 Дост: Dp Вид: Д N: 39 Дата: 17.09.2003 Книги
Vip Innovations Ltd, Rousse, Bulgaria 2025